| 000 | 00822nam a22001337a 4500 | ||
|---|---|---|---|
| 040 | _cRUA | ||
| 082 | _aVEM POM 2015 B481 Or.1 | ||
| 100 | _aPOM KDOMPY; ពុំ ក្ដុំពី | ||
| 245 | _aStudy on gumboro disease and theirs antibodies by using ha and hi test in roka khus, saang district, kandal province, សិក្សាលើជំងឺហ្គុំបូរ៉ូ និងអង់ទីក័ររបស់ពូជមាន់ក្នុងស្រុកតាមរយៈតេស្ត HA និង HI ក្នុងឃុំកោខ្ពស់ស្រុកស្អាង ខេត្តកណ្ដាល | ||
| 260 |
_aPhnom Penh _bRUA _c2015 |
||
| 300 |
_ax,38p. _bill. _c29cm. |
||
| 856 | _uhttps://drive.google.com/file/d/1q-pQlsfiHMdnHEqKgmBIWK9Ow8n9mUSX/view?usp=sharing | ||
| 942 | _cVEM | ||
| 999 |
_c8145 _d8145 |
||